| 000 | 00734nam a2200229 a 4500 | ||
|---|---|---|---|
| 999 |
_c5750 _d5750 |
||
| 001 | 5750 | ||
| 003 | BD-JhCC | ||
| 005 | 20180103172417.0 | ||
| 008 | 171220s1982 bg ||||| |||| 00| 0 ben d | ||
| 020 | _a9841104940 | ||
| 035 | _a(BD-JhCC)5750 | ||
| 040 |
_aBD-JhCC _dBD-JhCC |
||
| 041 | _aben | ||
| 082 |
_a378.196 _bRAB 1982 |
||
| 100 | _aরব, এফ. এম. আবদুর | ||
| 245 |
_aপাবলিক স্কুল শিক্ষা ও ক্যাডেট কলেজ / _cএফ. এম. আবদুর রব |
||
| 260 |
_aঢাকা : _bআহমদ পাবলিশিং হাউস, _c1982. |
||
| 300 |
_a180 p. : _c22 cm. |
||
| 650 | _aCadet College Education | ||
| 942 |
_2ddc _cBK |
||